| 000 | 00537cam a2200229ua 4500 | ||
|---|---|---|---|
| 020 | _c9.50 | ||
| 041 |
_amal _h |
||
| 082 |
_a671.53 _bRUD/LO |
||
| 100 | _aRudolf, Gensky . | ||
| 245 |
_aLoham murippu / _cGensky Rudolf. _hTextual Documents |
||
| 250 |
_a1 / _b. |
||
| 260 |
_aEranakulam : _bC I C C Book House , _c1974. |
||
| 300 | _a212 ; . | ||
| 365 | _a9.50 | ||
| 504 | _a | ||
| 942 | _cBK | ||
| 999 |
_c10890 _d10890 |
||